000 00531nam a2200181 a 4500
001 6310
003 CO-ViMGA
008 141112s2004 ck r 000 u spa d
040 _aCO-ViMGA
_bspa
_cCO-ViMGA
082 0 4 _a923.1 Y357s
100 1 _aSolovyov, Vladimir
_95012
245 1 0 _aBoris Yeltsin :
_bbiografĂ­a polĂ­tica /
_cYeltsin Vladimir , Klepikova Elena
260 _aBuenos Aires :
_bEmece,
_c1992
300 _a334 p : il
650 1 4 _aKlepikova Elena
_95013
650 1 4 _aYELTSIN, BORIS 1931 -
_95014
942 _2ddc
_cBK
999 _c18281
_d18281